|
|
|
|
| LEADER |
00821pam a22002418a 4500 |
| 001 |
00040017 |
| 005 |
20181227161254.0 |
| 008 |
170906s2017 ||||||Viesd |
| 020 |
# |
# |
|a 9786047223213
|c 750000
|
| 041 |
0 |
# |
|a Vie
|
| 082 |
1 |
4 |
|a 306.095 97
|b V115H
|
| 100 |
1 |
# |
|a Vũ, Quang Dũng
|e Tuyển chọn
|
| 245 |
1 |
0 |
|a Văn hóa biển đảo Việt Nam
|c Vũ Quang Dũng (tuyển chọn)
|b Dưới góc nhìn văn hóa dân gian
|n Tập 2
|
| 260 |
# |
# |
|a Hà Nội
|c 2017
|b Công an nhân dân
|
| 300 |
# |
# |
|a 1205 tr.
|c 27cm.
|
| 653 |
# |
# |
|a Biển
|
| 653 |
# |
# |
|a Việt Nam
|
| 653 |
# |
# |
|a Văn hóa
|
| 653 |
# |
# |
|a Đảo
|
| 852 |
# |
# |
|b Kho đọc
|j KD.0022346
|
| 852 |
# |
# |
|j KD.0022346
|
| 910 |
# |
# |
|d 06/09/2017
|
| 980 |
# |
# |
|a Trung tâm Học liệu Lê Vũ Hùng, Trường Đại học Đồng Tháp
|